| 000 | 00743nac a22002171u 4500 | ||
|---|---|---|---|
| 008 | 100906t xxu||||| |||| 00| 0 eng d | ||
| 010 | _a2003014346 | ||
| 020 | _a0321146182 (pbk. : alk. paper) | ||
| 020 | _a8129705060 | ||
| 035 | _a(OCoLC)ocm52554107 | ||
| 082 | 0 | 0 |
_a005.2762 _bMON _222 |
| 100 |
_aMonson-Haefel, Richard _918439 |
||
| 245 | 1 | 0 |
_aJ2EE Web services / _cRichard Monson-Haefel. |
| 260 |
_aNew Delhi : _bPearson Education, _cc2004. |
||
| 300 |
_axxxix, 887 p. : _bill. ; _c24 cm. |
||
| 504 | _aIncludes bibliographical references (p. 837-840) and index. | ||
| 650 | 0 |
_aWeb services. _918440 |
|
| 650 | 0 |
_aInternet programming. _918441 |
|
| 650 | 0 |
_aJava (Computer program language) _918442 |
|
| 942 |
_cBB _k005.2762 MON _2ddc |
||
| 999 |
_c648 _d648 |
||